[Event "ICS rated blitz match"]
[Site "204.178.125.65"]
[Date "2000.09.12"]
[Round "?"]
[White "Strike123Uout"]
[Black "Hossa"]
[Result "0-1"]
[WhiteElo "2124"]
[BlackElo "2537"]
[PlyCount "68"]
[EventDate "2000.??.??"]

1. d4 d5 2. c4 e6 3. Nf3 Nf6 4. Nc3 Be7 5. e3 O-O 6. Bd3 dxc4 7. Bxc4 c5 8. O-O
Nc6 9. a3 cxd4 10. Nxd4 Nxd4 11. exd4 Qc7 12. Qe2 Bd7 13. Bg5 Rac8 14. Bd3 Bc6
15. Rac1 Bd6 16. g3 Qd8 17. Rfd1 Be7 18. Bb1 Re8 19. Qd3 g6 20. b4 Nd5 21. Bxe7
Qxe7 22. Ne4 f5 23. Nc5 b6 24. Nb3 Qg5 25. Qd2 Qg4 26. Bd3 Qf3 27. Qe2 Qxe2 28.
Bxe2 Ba4 29. Rxc8 Rxc8 30. Rc1 Nc3 31. Ba6 Bxb3 32. Bxc8 Ne2+ 33. Kf1 Nxc1 34.
Ke1 Nd3+ {Strike123Uout resigns} 0-1

[Event "ICS rated blitz match"]
[Site "204.178.125.65"]
[Date "2000.09.12"]
[Round "?"]
[White "Hossa"]
[Black "Strike123Uout"]
[Result "1/2-1/2"]
[WhiteElo "2540"]
[BlackElo "2121"]
[PlyCount "36"]
[EventDate "2000.??.??"]

1. e4 c5 2. Nf3 d6 3. d4 cxd4 4. Nxd4 Nf6 5. Nc3 a6 6. Be3 e5 7. Nb3 Be7 8. f3
Be6 9. Qd2 Nbd7 10. Be2 b5 11. a4 b4 12. Na2 a5 13. Bb5 O-O 14. Bc6 Rc8 15. Bb7
Rb8 16. Bc6 Rc8 17. Bb7 Rb8 18. Bc6 Rc8 {Game drawn by repetition} 1/2-1/2

[Event "ICS rated blitz match"]
[Site "204.178.125.65"]
[Date "2000.09.12"]
[Round "?"]
[White "Strike123Uout"]
[Black "Hossa"]
[Result "0-1"]
[WhiteElo "2134"]
[BlackElo "2527"]
[PlyCount "64"]
[EventDate "2000.??.??"]

1. d4 d5 2. c4 e6 3. Nf3 Nf6 4. Nc3 Be7 5. Bg5 O-O 6. e3 Nbd7 7. Rc1 h6 8. Bh4
c6 9. Bd3 dxc4 10. Bxc4 c5 11. O-O cxd4 12. Nxd4 Ne5 13. Bb3 Bd7 14. Qe2 Rc8
15. Rfd1 Ne4 16. Bxe7 Nxc3 17. Rxc3 Qxe7 18. Rdc1 Rxc3 19. Rxc3 Nc6 20. Nxc6
Bxc6 21. e4 Rd8 22. Rd3 Rxd3 23. Qxd3 Qb4 24. f3 Qc5+ 25. Kh1 Qc1+ 26. Qd1 Qxb2
27. h3 Kh7 28. Qd3 a5 29. Qc2 Qd4 30. Qc4 Qe3 31. Kh2 h5 32. Qc5 Qxc5 {
Strike123Uout resigns} 0-1

[Event "ICS rated blitz match"]
[Site "204.178.125.65"]
[Date "2000.09.12"]
[Round "?"]
[White "Hossa"]
[Black "Strike123Uout"]
[Result "1-0"]
[WhiteElo "2530"]
[BlackElo "2131"]
[PlyCount "85"]
[EventDate "2000.??.??"]

1. e4 c6 2. d4 d5 3. Nc3 dxe4 4. Nxe4 Bf5 5. Ng3 Bg6 6. h4 h6 7. Nf3 Nd7 8. h5
Bh7 9. Bd3 Bxd3 10. Qxd3 Ngf6 11. Bd2 e6 12. O-O-O Qc7 13. Kb1 O-O-O 14. Ne4
Kb8 15. Nxf6 gxf6 16. Qb3 Qb6 17. Bf4+ Ka8 18. Qa4 Qb4 19. Qxb4 Bxb4 20. c3 Be7
21. a4 Nb6 22. Bc7 Rd7 23. Bxb6 axb6 24. Nd2 Rg8 25. g3 Rg5 26. b4 Kb8 27. Nc4
Kc7 28. Rd3 Rd8 29. Rd2 Rd7 30. Kb2 Rd8 31. Ne3 Ra8 32. Kb3 Bd6 33. Ra2 Be7 34.
Raa1 Bd6 35. Kc2 Be7 36. Rh4 Bd6 37. Ng4 Rf5 38. f4 Bxf4 39. gxf4 Rxf4 40. Rah1
Rxa4 41. Kb3 b5 42. Nxh6 Rf2 43. R4h2 {Strike123Uout resigns} 1-0

[Event "ICS Rated standard match"]
[Site "204.178.125.65"]
[Date "2000.09.12"]
[Round "?"]
[White "Hossa"]
[Black "Interceptor"]
[Result "0-1"]
[WhiteElo "2411"]
[BlackElo "2570"]
[PlyCount "152"]
[EventDate "2000.??.??"]

1. e4 d6 2. d4 Nf6 3. Nc3 g6 4. f4 Bg7 5. Nf3 c5 6. Bb5+ Bd7 7. e5 Ng4 8. e6
fxe6 9. Ng5 Bxb5 10. Nxb5 Qa5+ 11. c3 Qxb5 12. Qxg4 cxd4 13. Nxe6 Qc4 14. Nxg7+
Kf7 15. Nf5 Qe6+ 16. Ne3 dxe3 17. f5 gxf5 18. O-O Nd7 19. Rxf5+ Ke8 20. Qf3 e2
21. Bd2 Rc8 22. Re1 Ne5 23. Qh5+ Kd7 24. b3 Rhf8 25. Rxf8 Rxf8 26. Qxe2 Qg6 27.
Rf1 Rxf1+ 28. Kxf1 e6 29. Qb5+ Kc8 30. Qa4 a6 31. h3 Kd8 32. Qa5+ Kd7 33. Qa4+
Nc6 34. Qh4 Qd3+ 35. Ke1 Qc2 36. Ke2 b5 37. Qh6 e5 38. Qg7+ Ne7 39. Qg4+ Nf5
40. Qf3 Ke6 41. Qg4 h6 42. Qg8+ Ke7 43. a3 Qe4+ 44. Kf2 Qd3 45. Qh7+ Ke6 46.
Bxh6 Qg3+ 47. Kg1 e4 48. Qh8 e3 49. Qe8+ Kf6 50. Bf8 Qe1+ 51. Kh2 e2 52. Qd8+
Ke5 53. Qe8+ Kf4 54. Bxd6+ Nxd6 55. Qf8+ Nf5 56. Qb8+ Ke4 57. Qb7+ Kd3 58. Qd5+
Kxc3 59. Qxf5 Qd2 60. Qf6+ Kxb3 61. Qe6+ Kxa3 62. Qxa6+ Kb4 63. Qf6 e1=Q 64.
Qf8+ Kc4 65. Qf7+ Kc3 66. Qc7+ Kb4 67. Qg3 Qxg3+ 68. Kxg3 Kc5 69. h4 b4 70. h5
b3 71. Kg4 Qxg2+ 72. Kf4 b2 73. Ke5 Qg5+ 74. Ke6 b1=Q 75. Kf7 Qh7+ 76. Kf8
Qge7# {Hossa checkmated} 0-1

[Event "ICS rated blitz match"]
[Site "204.178.125.65"]
[Date "2000.09.12"]
[Round "?"]
[White "sekere"]
[Black "Hossa"]
[Result "0-1"]
[WhiteElo "2207"]
[BlackElo "2533"]
[PlyCount "28"]
[EventDate "2000.??.??"]

1. e4 e5 2. Nf3 Nc6 3. Bc4 Bc5 4. b4 Bxb4 5. c3 Ba5 6. O-O Nf6 7. d4 Nxe4 8.
dxe5 O-O 9. Qc2 d5 10. exd6 Nxd6 11. Bd3 h6 12. Nbd2 Qf6 13. Bb2 Bf5 14. c4
Bxd3 {sekere resigns} 0-1

[Event "ICS rated blitz match"]
[Site "204.178.125.65"]
[Date "2000.09.12"]
[Round "?"]
[White "Athlon900"]
[Black "Hossa"]
[Result "1-0"]
[WhiteElo "2824"]
[BlackElo "2537"]
[PlyCount "124"]
[EventDate "2000.??.??"]

1. e4 e5 2. Nf3 Nc6 3. d4 exd4 4. Nxd4 Nf6 5. Nxc6 bxc6 6. Bd3 d5 7. exd5 cxd5
8. O-O Be7 9. c4 d4 10. Bf4 O-O 11. Re1 Re8 12. Na3 Bxa3 13. bxa3 Rxe1+ 14.
Qxe1 c6 15. Rb1 Be6 16. Rb7 Bc8 17. Re7 Bg4 18. Bc7 Qc8 19. Qe5 Qa6 20. Bb8 Bd7
21. Bd6 Qa4 22. Be2 d3 23. Bxd3 Qd1+ 24. Bf1 a6 25. Bb4 Rc8 26. c5 Rd8 27. Qc7
Re8 28. Qd6 Qxd6 29. cxd6 Ra8 30. Bc4 Be6 31. Bxe6 fxe6 32. Bc3 Rb8 33. f3 Kf8
34. Bxf6 Rb1+ 35. Kf2 gxf6 36. Rxe6 Kf7 37. Re7+ Kg6 38. d7 Rd1 39. Ke2 Rd6 40.
g4 h6 41. Kf2 c5 42. f4 h5 43. h3 c4 44. Kg3 hxg4 45. hxg4 Rd3+ 46. Kh4 f5 47.
g5 Rd4 48. Re6+ Kg7 49. Rc6 Rxf4+ 50. Kh5 Rf3 51. Rg6+ Kf7 52. d8=N+ Ke8 53.
Rd6 Ke7 54. Rd2 Rh3+ 55. Kg6 Rd3 56. Nc6+ Kf8 57. Rxd3 cxd3 58. Kf6 d2 59. g6
d1=Q 60. g7+ Ke8 61. g8=Q+ Kd7 62. Qd8+ Kxc6 {Hossa resigns} 1-0

[Event "ICS rated standard match"]
[Site "204.178.125.65"]
[Date "2000.09.12"]
[Round "?"]
[White "raw-pawn"]
[Black "Hossa"]
[Result "0-1"]
[WhiteElo "2143"]
[BlackElo "2402"]
[PlyCount "90"]
[EventDate "2000.??.??"]

1. e4 e5 2. Nf3 Nc6 3. Bb5 a6 4. Bxc6 dxc6 5. O-O f6 6. d4 Bg4 7. dxe5 Qxd1 8.
Rxd1 fxe5 9. Rd3 Bd6 10. Nbd2 Nf6 11. h3 Bc8 12. b3 b5 13. Bb2 Nd7 14. Rd1 O-O
15. Nf1 a5 16. Ng3 a4 17. Nf5 axb3 18. axb3 Ra2 19. Ba1 Nc5 20. Nxd6 cxd6 21.
Rxd6 Bxh3 22. Bxe5 Nxe4 23. Rxc6 Bg4 24. Rc7 Nf6 25. Ra1 Rxa1+ 26. Bxa1 Bxf3
27. gxf3 Rf7 28. Rxf7 Kxf7 29. Kg2 Nd5 30. Kg3 b4 31. f4 g6 32. Kf3 h5 33. Be5
Ke6 34. Kg3 Kf5 35. Bd6 Ke6 36. Bc5 Kf6 37. Kh4 Kf5 38. Kg3 Nxf4 39. Bxb4 Ne2+
40. Kg2 Nd4 41. c4 Ke4 42. c5 Kd5 43. Kg3 Kc6 44. Kh4 Kb5 45. Be1 Nf3+ {
raw-pawn resigns} 0-1

[Event "ICS rated blitz match"]
[Site "204.178.125.65"]
[Date "2000.09.12"]
[Round "?"]
[White "Hossa"]
[Black "alt1"]
[Result "1-0"]
[WhiteElo "2532"]
[BlackElo "2013"]
[PlyCount "135"]
[EventDate "2000.??.??"]

1. e4 c5 2. Nf3 Nc6 3. d4 cxd4 4. Nxd4 e5 5. Nb5 a6 6. Nd6+ Bxd6 7. Qxd6 Qf6 8.
Qd1 Qg6 9. Nc3 d5 10. Nxd5 Qxe4+ 11. Be3 Nd4 12. Nc7+ Ke7 13. Rc1 Bg4 14. Qd3
Qxd3 15. Bxd3 Rd8 16. h3 Bc8 17. f4 Kd6 18. Na8 f6 19. Nb6 Kc7 20. Nxc8 Kxc8
21. c3 Nf3+ 22. Ke2 exf4 23. Bxf4 Ne5 24. Be4 Ne7 25. Rcd1 N7g6 26. Bg3 Rxd1
27. Rxd1 b5 28. Rd6 Re8 29. Rxa6 Re7 30. a4 bxa4 31. Rxa4 Nc6 32. Kd2 Nge5 33.
Bxh7 g6 34. Bg8 Rd7+ 35. Kc2 Rd3 36. Bxe5 Nxe5 37. Ra7 Rg3 38. Bd5 f5 39. Rg7
Nd3 40. Be6+ Kd8 41. Rd7+ Ke8 42. Rxd3 Rxg2+ 43. Rd2 Rg3 44. Rh2 Ke7 45. Bc4 f4
46. b3 f3 47. Bd5 Kd6 48. Ba8 g5 49. Rf2 Rxh3 50. Bxf3 Ke5 51. Re2+ Kf4 52. Bd5
g4 53. Re4+ Kg5 54. Rxg4+ Kxg4 55. Be6+ Kg3 56. Bxh3 Kxh3 57. b4 Kg4 58. b5 Kf5
59. b6 Ke6 60. b7 Kd7 61. b8=Q Ke6 62. Kd3 Kf5 63. Qe8 Kf6 64. Ke4 Kg5 65. Qe6
Kh4 66. Qg6 Kh3 67. Kf3 Kh2 68. Qg2# {alt1 checkmated} 1-0

[Event "ICS rated blitz match"]
[Site "204.178.125.65"]
[Date "2000.09.12"]
[Round "?"]
[White "WitPaard"]
[Black "Hossa"]
[Result "0-1"]
[WhiteElo "2337"]
[BlackElo "2534"]
[PlyCount "52"]
[EventDate "2000.??.??"]

1. e4 e5 2. Nf3 Nc6 3. Bc4 Nf6 4. Ng5 d5 5. exd5 Nd4 6. c3 b5 7. Bf1 Nxd5 8.
Ne4 Qh4 9. Ng3 Bg4 10. f3 e4 11. cxd4 Bd6 12. Bxb5+ Kd8 13. O-O exf3 14. Rxf3
Rb8 15. a4 a6 16. Bf1 Bxg3 17. hxg3 Bxf3 18. Qxf3 Qxd4+ 19. Qf2 Qxf2+ 20. Kxf2
Rb6 21. Nc3 Nb4 22. a5 Rf6+ 23. Kg1 Re8 24. Ne2 Nd3 25. Nf4 Re1 26. Kh2 Rxf1 {
WitPaard resigns} 0-1

[Event "ICS rated blitz match"]
[Site "204.178.125.65"]
[Date "2000.09.12"]
[Round "?"]
[White "Hossa"]
[Black "WitPaard"]
[Result "1/2-1/2"]
[WhiteElo "2542"]
[BlackElo "2329"]
[PlyCount "33"]
[EventDate "2000.??.??"]

1. e4 e5 2. Nf3 Nc6 3. Nc3 Nf6 4. Nxe5 Nxe5 5. d4 Ng6 6. e5 Ng8 7. Bc4 c6 8.
Qf3 d5 9. exd6 Qf6 10. Qe3+ Kd7 11. Ne4 Qf5 12. Bd3 Qh5 13. Be2 Qf5 14. Bd3 Qh5
15. Be2 Qf5 16. Bd3 Qh5 17. Be2 {Game drawn by repetition} 1/2-1/2

[Event "ICS rated blitz match"]
[Site "204.178.125.65"]
[Date "2000.09.12"]
[Round "?"]
[White "WitPaard"]
[Black "Hossa"]
[Result "0-1"]
[WhiteElo "2314"]
[BlackElo "2533"]
[PlyCount "48"]
[EventDate "2000.??.??"]

1. e4 e5 2. Nf3 Nc6 3. Bc4 Bc5 4. O-O d6 5. b4 Bxb4 6. c3 Ba5 7. d4 exd4 8.
cxd4 Nf6 9. Bg5 Bg4 10. Bb5 O-O 11. Bxc6 bxc6 12. e5 dxe5 13. Qa4 Bxf3 14. dxe5
Qd5 15. gxf3 Qxe5 16. f4 Qxa1 17. Qxa5 Nd5 18. Nd2 Qc3 19. Qxc3 Nxc3 20. a3 f6
21. Bh4 Rad8 22. Nc4 g5 23. fxg5 Ne2+ 24. Kh1 Rd4 {WitPaard resigns} 0-1

[Event "ICS rated blitz match"]
[Site "204.178.125.65"]
[Date "2000.09.12"]
[Round "?"]
[White "Hossa"]
[Black "QueenMaxima"]
[Result "0-1"]
[WhiteElo "2531"]
[BlackElo "2567"]
[PlyCount "146"]
[EventDate "2000.??.??"]

1. e4 c5 2. Nf3 e6 3. d4 cxd4 4. Nxd4 Nc6 5. Nc3 Qc7 6. Be2 a6 7. O-O Nf6 8.
Kh1 Be7 9. Be3 O-O 10. Kg1 Bb4 11. Nxc6 Qxc6 12. f3 Bxc3 13. bxc3 e5 14. c4 d6
15. Rb1 Rd8 16. Qd2 Be6 17. Rb6 Qa4 18. Ra1 Rd7 19. Qd3 Qa5 20. a4 Rc8 21. Qb3
Kh8 22. c3 Rdc7 23. Rb4 Nd7 24. Qd1 Bxc4 25. Bxc4 Rxc4 26. Rxb7 Qxc3 27. Qe1
Qxe1+ 28. Rxe1 R4c7 29. Rxc7 Rxc7 30. Rd1 Rc6 31. Rb1 Kg8 32. Rb7 Nf8 33. Ra7
h5 34. Ra8 Rc3 35. Kf2 Rc6 36. Kg1 f6 37. Kf2 Kf7 38. Ra7+ Kg6 39. g4 hxg4 40.
fxg4 Rc4 41. Ra8 Kf7 42. Rxa6 Rxe4 43. Ra7+ Kg8 44. h3 d5 45. Ra8 Rc4 46. Bd2
Kf7 47. Ra7+ Kg6 48. a5 Ne6 49. Rd7 d4 50. Re7 Rc2 51. Ke2 Nf4+ 52. Kd1 Ra2 53.
Bxf4 exf4 54. Rd7 Rxa5 55. Rxd4 Kg5 56. Rd3 Ra2 57. Ke1 Kh4 58. Kd1 g5 59. Ke1
Rh2 60. Ra3 Rxh3 61. Ra6 Kg3 62. Kd2 f3 63. Ra3 Kg2 64. Re3 f2 65. Re2 Kf3 66.
Re3+ Kxg4 67. Re4+ Kf5 68. Ra4 f1=Q 69. Ra5+ Kg6 70. Rd5 Qg2+ 71. Kc1 Rh2 72.
Rd2 Qxd2+ 73. Kb1 Rh1# {Hossa checkmated} 0-1

[Event "ICS rated blitz match"]
[Site "204.178.125.65"]
[Date "2000.09.12"]
[Round "?"]
[White "QueenMaxima"]
[Black "Hossa"]
[Result "1-0"]
[WhiteElo "2581"]
[BlackElo "2517"]
[PlyCount "121"]
[EventDate "2000.??.??"]

1. d4 d5 2. c4 e6 3. Nc3 Nf6 4. cxd5 exd5 5. Bg5 Be7 6. Nf3 c6 7. Qc2 Na6 8. a3
Nc7 9. e3 Ne6 10. Bh4 O-O 11. Bd3 g6 12. O-O Bd6 13. Ne5 Ng7 14. e4 Ne6 15. Qa4
g5 16. exd5 gxh4 17. dxe6 Bxe6 18. Qc2 c5 19. d5 Bxe5 20. dxe6 fxe6 21. Bc4 Qd6
22. Rad1 Bxh2+ 23. Kh1 Qe5 24. Rfe1 Qb8 25. Bxe6+ Kh8 26. Ne4 h3 27. Nxf6 hxg2+
28. Kxg2 Rxf6 29. Rd7 Rg6+ 30. Qxg6 hxg6 31. Re3 Qe5 32. Rh3+ Qh5 33. Rxh5+
gxh5 34. Kxh2 Re8 35. Bf7 Re5 36. Rxb7 a6 37. Bc4 a5 38. Ra7 Re4 39. b3 Rf4 40.
Kg3 Rg4+ 41. Kf3 Rg7 42. Rxa5 Rc7 43. Kf4 h4 44. Kg4 Kg7 45. f4 Kf6 46. Ra6+
Ke7 47. f5 Rc8 48. f6+ Kf8 49. Ra7 Ke8 50. Re7+ Kd8 51. Bb5 h3 52. Re8+ Kc7 53.
Rxc8+ Kxc8 54. f7 h2 55. f8=Q+ Kb7 56. Qh6 Kc8 57. Qc6+ Kb8 58. Qb6+ Kc8 59.
Bc6 h1=Q 60. Qb7+ Kd8 61. Qd7# {Hossa checkmated} 1-0

[Event "ICS rated blitz match"]
[Site "204.178.125.65"]
[Date "2000.09.12"]
[Round "?"]
[White "Hossa"]
[Black "SuperChicken"]
[Result "0-1"]
[WhiteElo "2504"]
[BlackElo "2761"]
[PlyCount "96"]
[EventDate "2000.??.??"]

1. e4 e5 2. Nf3 Nc6 3. Nc3 Nf6 4. Nxe5 Nxe5 5. d4 Nc6 6. d5 Ne5 7. f4 Ng6 8. e5
Ng8 9. d6 cxd6 10. exd6 Qh4+ 11. g3 Qf6 12. Nb5 Kd8 13. Be3 b6 14. Nxa7 Bxd6
15. Bxb6+ Ke7 16. Bb5 Qxb2 17. O-O Rxa7 18. Qe2+ Kf8 19. Bxa7 Qa3 20. Qf2 Nf6
21. Rfe1 Ne7 22. Qb6 Ne8 23. Qe3 Nc7 24. Bd3 Ncd5 25. Qf2 Nc6 26. Be3 Nxe3 27.
Rxe3 Bc5 28. Rae1 Ne7 29. c4 d6 30. Bxh7 Bxe3 31. Rxe3 Qc1+ 32. Re1 Qxc4 33.
Be4 d5 34. Bg2 Rh6 35. Bf1 Qc3 36. Rb1 Rc6 37. Re1 Bf5 38. Bb5 Rc7 39. a4 Qb4
40. Rd1 Rc2 41. Qb6 Nc6 42. Qe3 Be4 43. Bxc6 Qc4 44. Bxd5 Rg2+ 45. Kh1 Rd2+ 46.
Bxe4 Rxd1+ 47. Qe1 Rxe1+ 48. Kg2 Qf1# {Hossa checkmated} 0-1

[Event "ICS Rated blitz match"]
[Site "204.178.125.65"]
[Date "2000.09.12"]
[Round "?"]
[White "Hossa"]
[Black "QueenMaxima"]
[Result "1-0"]
[WhiteElo "2498"]
[BlackElo "2595"]
[PlyCount "191"]
[EventDate "2000.??.??"]

1. e4 c5 2. Nf3 e6 3. d4 cxd4 4. Nxd4 Nc6 5. Nc3 Qc7 6. Be2 a6 7. O-O Nf6 8.
Kh1 Be7 9. Be3 O-O 10. Kg1 Bb4 11. Nxc6 Qxc6 12. f3 Bxc3 13. bxc3 Qxc3 14. Qd2
Qxd2 15. Bxd2 d5 16. exd5 Nxd5 17. c4 Nf6 18. Bb4 Rd8 19. Rfd1 Rxd1+ 20. Rxd1
Bd7 21. Bd3 Ba4 22. Rd2 b6 23. Bd6 Rc8 24. Kf2 Nd7 25. Rb2 Rc6 26. Be7 a5 27.
Rd2 f5 28. Be2 Rc8 29. h4 Kf7 30. Bd6 e5 31. h5 Ke6 32. Ba3 Nc5 33. Rb2 Rc6 34.
Bxc5 bxc5 35. Rb7 Rd6 36. Rxg7 Rd7 37. Rxd7 Bxd7 38. g3 Kf6 39. Bd1 Be6 40. Be2
Kg5 41. Ke3 h6 42. f4+ exf4+ 43. gxf4+ Kh4 44. a3 Bf7 45. Bd3 Kxh5 46. Bxf5
Bxc4 47. Kf3 Bd5+ 48. Kg3 c4 49. Bc2 c3 50. Kh3 Bb7 51. Kg3 Ba8 52. Kh3 Bd5 53.
Kg3 Bc6 54. Kh3 Ba8 55. Kg3 Bb7 56. Bf5 Bc8 57. Be4 Bd7 58. Bc2 a4 59. Kf3 Bb5
60. Kg3 Be8 61. Be4 Bd7 62. Bc2 Bb5 63. Kf3 Kh4 64. Ke4 Kg4 65. f5 Bd7 66. f6
Be8 67. Ke5 Kf3 68. Bxa4 Ke3 69. Bxe8 c2 70. f7 c1=Q 71. f8=Q Qc3+ 72. Kf5 Qd3+
73. Kf6 Qa6+ 74. Kg7 Qe6 75. Qc5+ Kf4 76. Qc7+ Ke3 77. Qc3+ Kf4 78. Qf6+ Qxf6+
79. Kxf6 Ke4 80. Kg6 Ke5 81. a4 Kd5 82. a5 Kc5 83. a6 Kb6 84. Bb5 h5 85. Kxh5
Ka7 86. Kg6 Kb6 87. Kf7 Ka7 88. Ke7 Kb8 89. Kd8 Ka8 90. Kc8 Ka7 91. Kc7 Ka8 92.
Bc6+ Ka7 93. Bb5 Ka8 94. Kb6 Kb8 95. a7+ Ka8 96. Bc6# {QueenMaxima checkmated}
1-0

[Event "ICS rated blitz match"]
[Site "204.178.125.65"]
[Date "2000.09.12"]
[Round "?"]
[White "QueenMaxima"]
[Black "Hossa"]
[Result "1-0"]
[WhiteElo "2575"]
[BlackElo "2518"]
[PlyCount "124"]
[EventDate "2000.??.??"]

1. d4 Nf6 2. Bf4 e6 3. e3 d5 4. Nf3 c5 5. c3 Nc6 6. Nbd2 cxd4 7. exd4 Bd6 8.
Bxd6 Qxd6 9. Bd3 O-O 10. O-O Bd7 11. Re1 Qf4 12. Qb3 b6 13. Re2 Rfd8 14. Rae1
Rdc8 15. Ba6 Rf8 16. Qc2 Bc8 17. Bd3 Bb7 18. Nb3 a6 19. Qd2 Qxd2 20. Nbxd2 Nh5
21. Ng5 h6 22. Nh3 Ne7 23. Nf3 Nf6 24. Nf4 g5 25. Nxe6 fxe6 26. Rxe6 Nc6 27.
Ne5 Rae8 28. Nxc6 Bxc6 29. R1e5 Rc8 30. Bxa6 Ra8 31. Rxc6 Rxa6 32. a3 g4 33.
Ree6 Re8 34. Rxe8+ Nxe8 35. Rxh6 Kf7 36. h3 gxh3 37. Rxh3 Ra8 38. Rh7+ Ke6 39.
Rh8 Kf7 40. g3 Kg7 41. Rh5 Nf6 42. Re5 Kf7 43. f3 Rd8 44. g4 Rd6 45. Kf2 Nd7
46. Rf5+ Ke7 47. Kg3 Kd8 48. f4 Ke7 49. Kf3 Kd8 50. Rh5 Kc7 51. f5 Nf6 52. Rh8
Ne4 53. Kf4 b5 54. g5 Rd7 55. g6 Re7 56. Rf8 Kb7 57. Rf7 Rc7 58. Rxc7+ Kxc7 59.
g7 Nf6 60. Kg5 Ne4+ 61. Kg6 Kd7 62. g8=Q Nd6 {Hossa resigns} 1-0

[Event "ICS rated standard match"]
[Site "204.178.125.65"]
[Date "2000.09.12"]
[Round "?"]
[White "Hossa"]
[Black "lambChop"]
[Result "0-1"]
[WhiteElo "2408"]
[BlackElo "2406"]
[PlyCount "100"]
[EventDate "2000.??.??"]

1. e4 e5 2. Nf3 Nc6 3. Nc3 Nf6 4. Nxe5 Nxe5 5. d4 Ng6 6. e5 Ng8 7. Bc4 d5 8.
Bxd5 c6 9. Be4 Bb4 10. O-O N8e7 11. Ne2 Bf5 12. Ng3 Bxe4 13. Nxe4 Qd5 14. Qg4
h5 15. Qf3 Nh4 16. Qd3 Nef5 17. Bg5 Ng6 18. Rfd1 O-O 19. c3 Be7 20. Bxe7 Ngxe7
21. Qe2 Rfd8 22. Re1 h4 23. Qg4 Qe6 24. Nf6+ Kh8 25. Ne4 Qg6 26. Ng5 f6 27.
exf6 gxf6 28. Rxe7 Nxe7 29. Qxh4+ Kg8 30. Ne4 Kg7 31. Nc5 Re8 32. Nxb7 Reb8 33.
Nc5 Rxb2 34. Re1 Re8 35. Rf1 Nd5 36. Qh3 Kg8 37. Nd3 Rd2 38. Nc1 Rc2 39. Kh1
Rxf2 40. g3 Rc2 41. Nb3 Qe4+ 42. Kg1 Nxc3 43. Nc1 Rxc1 44. Rxc1 Qe3+ 45. Kg2
Qd2+ 46. Kg1 Ne2+ 47. Kh1 Qxc1+ 48. Kg2 Qg1+ 49. Kf3 Re3+ 50. Kg4 Qb1 {
Hossa resigns} 0-1

[Event "ICS Rated standard match"]
[Site "204.178.125.65"]
[Date "2000.09.12"]
[Round "?"]
[White "lambChop"]
[Black "Hossa"]
[Result "1-0"]
[WhiteElo "2422"]
[BlackElo "2392"]
[PlyCount "109"]
[EventDate "2000.??.??"]

1. c4 e6 2. Nc3 c6 3. d4 d5 4. e3 Be7 5. Nf3 Nf6 6. Bd2 O-O 7. Bd3 dxc4 8. Bxc4
c5 9. Qc2 cxd4 10. Nxd4 e5 11. Nf5 Bb4 12. a3 Ba5 13. b4 Bb6 14. Na4 Bc7 15.
Rc1 a6 16. Nc3 Nc6 17. Rd1 Bxf5 18. Qxf5 Bd6 19. Bc1 Qc7 20. Ne4 Nxe4 21. Qxe4
Rad8 22. Bb2 b5 23. Bb3 Ne7 24. O-O Rd7 25. Rd2 Rfd8 26. Rc1 Qb8 27. Rcd1 Qc7
28. h4 Ng6 29. Qg4 Nf8 30. h5 h6 31. Rc1 Qb6 32. Qf5 Re7 33. Rc8 Rxc8 34. Qxc8
Rc7 35. Qf5 Re7 36. Bd5 Qb8 37. Rd1 Bc7 38. Be4 Bb6 39. Rc1 Bc7 40. Rc6 Qd8 41.
Rxa6 Qd2 42. Ra8 Bd8 43. Kh2 g6 44. hxg6 fxg6 45. Qf3 Kg7 46. Bd5 Nd7 47. Rxd8
Qxb2 48. Re8 h5 49. Rxe7+ Kh6 50. Rxd7 Qc2 51. Qf8+ Kg5 52. f4+ Kg4 53. Bf3+
Kh4 54. Qe7+ g5 55. Qxg5# {Hossa checkmated} 1-0

[Event "ICS rated blitz match"]
[Site "204.178.125.65"]
[Date "2000.09.12"]
[Round "?"]
[White "Hossa"]
[Black "pavo"]
[Result "1-0"]
[WhiteElo "2505"]
[BlackElo "2145"]
[PlyCount "67"]
[EventDate "2000.??.??"]

1. d4 d5 2. Nf3 Nf6 3. e3 Bf5 4. Bd3 Bg6 5. Bxg6 hxg6 6. c4 e6 7. Qb3 b6 8. O-O
Bd6 9. Nc3 c6 10. c5 Bc7 11. Qa4 b5 12. Qc2 Nbd7 13. a4 a6 14. Bd2 b4 15. Ne2
a5 16. Rfd1 Ne4 17. h3 Qf6 18. Nf4 Bxf4 19. exf4 Qe7 20. Ne5 Nxe5 21. fxe5 Qh4
22. Be3 g5 23. Rd3 g4 24. Bf4 g5 25. Bh2 Kd7 26. Qe2 Rag8 27. Rf1 Rg6 28. Rb3
Rgh6 29. Qa6 Rc8 30. Rd3 Rg6 31. Qxa5 gxh3 32. Rxh3 Qg4 33. f3 Qf5 34. fxe4 {
pavo resigns} 1-0

[Event "ICS rated blitz match"]
[Site "204.178.125.65"]
[Date "2000.09.12"]
[Round "?"]
[White "pavo"]
[Black "Hossa"]
[Result "0-1"]
[WhiteElo "2141"]
[BlackElo "2509"]
[PlyCount "48"]
[EventDate "2000.??.??"]

1. d4 Nf6 2. Nf3 g6 3. Bf4 Bg7 4. e3 O-O 5. h3 c5 6. c3 d6 7. Nbd2 Nc6 8. Be2
Bf5 9. O-O cxd4 10. exd4 Qc7 11. Nh4 Bd7 12. Nhf3 Nd5 13. Bh2 Nb6 14. Re1 e5
15. Nb3 f6 16. Rc1 Bh6 17. Ra1 Be6 18. Bf1 Rae8 19. dxe5 fxe5 20. Bd3 Qf7 21.
Bg3 Bxh3 22. Nxe5 Nxe5 23. gxh3 Nf3+ 24. Kg2 Rxe1 {pavo resigns} 0-1

[Event "ICS rated blitz match"]
[Site "204.178.125.65"]
[Date "2000.09.12"]
[Round "?"]
[White "Hossa"]
[Black "pavo"]
[Result "1-0"]
[WhiteElo "2512"]
[BlackElo "2138"]
[PlyCount "67"]
[EventDate "2000.??.??"]

1. d4 d5 2. Nf3 Bf5 3. Bf4 e6 4. e3 c6 5. Be2 Bd6 6. Bxd6 Qxd6 7. O-O Nf6 8.
Nh4 Bg6 9. Nd2 Nbd7 10. c3 Ne4 11. Nxg6 hxg6 12. h3 Ndf6 13. Nxe4 Nxe4 14. Bd3
Nf6 15. c4 g5 16. cxd5 exd5 17. Bf5 g6 18. Bg4 Rh4 19. f3 Nxg4 20. fxg4 Rd8 21.
Qf3 Rd7 22. Qf2 Re7 23. Rac1 Qe6 24. Rc3 Rh7 25. Qg3 Kf8 26. Qb8+ Kg7 27. Qxa7
Qe4 28. Rb3 Kh6 29. Qb8 b5 30. Qf8+ Rg7 31. Qh8+ Rh7 32. Qa8 Re6 33. Qf8+ Rg7
34. Rxf7 {pavo resigns} 1-0

[Event "ICS rated blitz match"]
[Site "204.178.125.65"]
[Date "2000.09.12"]
[Round "?"]
[White "Hossa"]
[Black "tine"]
[Result "1-0"]
[WhiteElo "2515"]
[BlackElo "1957"]
[PlyCount "71"]
[EventDate "2000.??.??"]

1. e4 e5 2. Nf3 Nc6 3. Nc3 Nf6 4. Nxe5 Nxe5 5. d4 Ng6 6. e5 Ng8 7. Bc4 Bb4 8.
Qf3 Qe7 9. O-O Bxc3 10. bxc3 Nh6 11. g3 O-O 12. Qh5 d6 13. Bxh6 gxh6 14. exd6
Qxd6 15. Rfe1 Bd7 16. Rab1 Rae8 17. Rxe8 Rxe8 18. Bd3 Bc6 19. Bc4 Qf6 20. d5
Bd7 21. Rxb7 Re1+ 22. Kg2 Qxc3 23. Bd3 Kg7 24. Rxa7 Ne5 25. Ra6 c6 26. dxc6
Bxc6+ 27. Kh3 Nxd3 28. Qg4+ Kh8 29. cxd3 Re6 30. Ra7 Qg7 31. Qf4 Re8 32. Rxf7
Qg5 33. Rf8+ Rxf8 34. Qxf8+ Qg8 35. Qf6+ Qg7 36. Qxc6 {tine resigns} 1-0

[Event "ICS rated blitz match"]
[Site "204.178.125.65"]
[Date "2000.09.12"]
[Round "?"]
[White "Hossa"]
[Black "mid"]
[Result "1-0"]
[WhiteElo "2517"]
[BlackElo "2414"]
[PlyCount "37"]
[EventDate "2000.??.??"]

1. e4 e6 2. d4 d5 3. Nd2 Nf6 4. e5 Nfd7 5. Bd3 c5 6. c3 Nc6 7. Ne2 cxd4 8. cxd4
f6 9. Nf4 Nxd4 10. Qh5+ Ke7 11. Ng6+ hxg6 12. exf6+ Nxf6 13. Qxh8 e5 14. Bxg6
Be6 15. b3 Qa5 16. a4 Kd7 17. b4 Qxb4 18. Ba3 Qc3 19. O-O {mid resigns} 1-0

[Event "ICS rated blitz match"]
[Site "204.178.125.65"]
[Date "2000.09.12"]
[Round "?"]
[White "mid"]
[Black "Hossa"]
[Result "0-1"]
[WhiteElo "2403"]
[BlackElo "2528"]
[PlyCount "74"]
[EventDate "2000.??.??"]

1. e4 c5 2. Nf3 e6 3. d4 cxd4 4. Nxd4 Nc6 5. Nb5 d6 6. c4 Nf6 7. N5c3 Be7 8.
Be2 O-O 9. O-O b6 10. f3 a6 11. Be3 Nd7 12. Nd2 Bb7 13. Rc1 Bf6 14. Kh1 Nd4 15.
b3 Re8 16. Bd3 Ne5 17. Bb1 Ndc6 18. a4 Ng6 19. f4 Bd4 20. Bxd4 Nxd4 21. f5 exf5
22. exf5 Nh4 23. Be4 Bxe4 24. Ndxe4 Ndxf5 25. Qg4 Ne3 26. Qf4 Nxf1 27. Rxf1 Ra7
28. Nd5 Ng6 29. Nef6+ gxf6 30. Nxf6+ Kh8 31. Qd4 Re5 32. h3 Re2 33. Qg4 Re6 34.
Nd5 Qh4 35. Qf5 Qg3 36. Nf6 Rae7 37. Nd5 Nh4 {mid resigns} 0-1